|
|
|
|
| LEADER |
00000nab a2200000ua 4500 |
| 001 |
vtls010855463 |
| 003 |
SK-MaSNL |
| 005 |
20260303220853.0 |
| 008 |
230222s2007 xo |||||||||||||||||eng| |
| 035 |
|
|
|a (urnnbn)urn:nbn:sk:snk:ar-a07h7d
|
| 035 |
|
|
|a urn:nbn:sk:snk-ab6erz
|
| 035 |
|
|
|a (uuid)8c3a2efc-3378-431e-a727-b5653a5c2353
|
| 040 |
|
|
|a SNKBUCL
|b slo
|c SNKBUCL
|e AACR2
|
| 041 |
0 |
|
|a eng
|
| 044 |
|
|
|a xo
|c SK
|
| 100 |
1 |
|
|a Birgus, Vladimír,
|d 1954-
|4 aut
|9 5964
|
| 245 |
1 |
0 |
|a 16th Month of Photography
|c Vladimír Birgus
|
| 773 |
0 |
|
|t Imago
|g Č. 23 (2007), s. 68-69
|
| 958 |
|
|
|a OND
|
| 958 |
|
|
|a EUIPO
|
| 958 |
|
|
|a article5
|
| 999 |
|
|
|c 2229331
|d 2231261
|